| 000 | 00657nam a22001937a 4500 | ||
|---|---|---|---|
| 008 | 160917b xxu||||| |||| 00| 0 eng d | ||
| 020 | _a9780073383248 | ||
| 020 | _a0073383244 | ||
| 050 |
_aGE 105 _b.C865 2011 |
||
| 100 | _aCunningham,William P. | ||
| 245 |
_aPrinciple of environment science: _bInquiry and applications/ _cWilliam P. Cunningham, Mary Ann Cunningham |
||
| 250 | _a6th ed | ||
| 260 |
_aNew York: _bMcGraw Hill, _c2011 |
||
| 300 |
_axxiii,389p. : _bill. ; _c23cm |
||
| 504 | _aIncludes index. | ||
| 650 |
_aEnvironmental science _xTextbooks |
||
| 700 | _aCunningham, Mary Ann | ||
| 942 |
_2lcc _cBOOKS _hGE 105 .C865 2011 |
||
| 999 |
_c13778 _d13778 |
||